Statistics for AFL Leading Goalkickers

Click here to take the quiz!

General Stats

  • This quiz has been taken 515 times
    (32 since last reset)
  • The average score is 24 of 50

Answer Stats

Rank Career span Club(s) Goals Player % Correct
72005 -Hawthorn / Sydney944Lance Franklin
100%
272007 -Richmond631Jack Riewoldt
91%
212001 - 2017St Kilda718Nick Riewoldt
91%
11983 - 2002St Kilda / Sydney1360Tony Lockett
91%
51982 - 1996Hawthorn / Geelong1031Gary Ablett
87%
232000 - 2016Fremantle700Matthew Pavlich
78%
312006 -Carlton / West Coast611Josh Kennedy
78%
121993 - 2009Richmond800Matthew Richardson
78%
332005 -Carlton / Adelaide / Carlton600Eddie Betts
78%
462007 -Geelong554Tom Hawkins
74%
31985 - 1998Hawthorn1254Jason Dunstall
74%
21920 - 1937Collingwood1299Gordon Coventry
70%
151996 - 2011St Kilda / Sydney / Western Bulldogs746Barry Hall
70%
181989 - 2004North Melbourne / Adelaide727Wayne Carey
70%
81995 - 2009Essendon926Matthew Lloyd
70%
91969 - 1985Hawthorn915Leigh Matthews
70%
382005 - 2019Hawthorn578Jarryd Roughead
65%
342000 - 2014Brisbane594Jonathan Brown
61%
301999 - 2010Carlton / Brisbane623Brendan Fevola
61%
161986 - 1997Carlton738Stephen Kernahan
57%
371992 - 2001Adelaide / Fremantle588Tony Modra
52%
261988 - 2004Fitzroy / Brisbane633Alastair Lynch
52%
481995 - 2008West Coast / St Kilda549Fraser Gehrig
48%
41961 - 1975Geelong / North Melbourne1057Doug Wade
48%
451994 - 2010Footscray (/ Western Bulldogs)558Brad Johnson
43%
481997 - 2010Port Adelaide549Warren Tredrea
43%
412001 - 2013St Kilda574Stephen Milne
43%
181967 - 1977Hawthorn727Peter Hudson
39%
131965 - 1983Richmond778Kevin Bartlett
39%
111969 - 1986Footscray / Fitzroy817Bernie Quinlan
39%
271993 - 2008Melbourne631David Neitz
39%
141992 - 2006Collingwood / North Melbourne748Saverio Rocca
39%
441983 - 2002Essendon / Hawthorn / Essendon561Paul Salmon
35%
341986 - 2002St Kilda594Stewart Loewe
35%
61926 - 1943Richmond970Jack Titus
35%
461990 - 2007Footscray (/ Western Bulldogs)554Chris Grant
30%
391982 - 1989Footscray575Simon Beasley
26%
481979 - 1993Collingwood549Peter Daicos
26%
241930 - 1946South Melbourne681Bob Pratt
26%
101965 - 1977Collingwood / Carlton874Peter McKenna
26%
171929 - 1941St Kilda735Bill Mohr
22%
431935 - 1950Melbourne / Fitzroy572Norm Smith
22%
321977 - 1989Richmond607Michael Roach
22%
361974 - 1985Footscray / Melbourne593Kelvin Templeton
17%
391974 - 1992Essendon575Simon Madden
17%
411982 - 1998Fitzroy / Sydney / Footscray / Collingwood574Richard Osborne
13%
201926 - 1938Carlton722Harry Vallence
13%
221906 - 1922Collingwood707Dick Lee
13%
251922 - 1933Essendon / Fitzroy662Jack Moriarty
9%
291971 - 1983Hawthorn629Michael Moncrieff
9%

Score Distribution

Percentile by Number Answered

Percent of People with Each Score

Your Score History

You have not taken this quiz since the last reset